| 000 | 00644nam a2200253 a 4500 | ||
|---|---|---|---|
| 001 | 35437 | ||
| 003 | AR-BaAGN | ||
| 005 | 20231116145345.0 | ||
| 007 | ta | ||
| 008 | 220625s1973 ag |||||r|||| ||||||spa d | ||
| 040 |
_dAR-BaAGN _aAR-BaAGN _bspa _eaacr |
||
| 100 | 1 | _aBraun, Oscar | |
| 245 | 1 | 0 | _aComercio internacional e imperialismo |
| 250 | _a1ª ed. | ||
| 260 |
_aBuenos Aires : _bSiglo Veintiuno, _c1973. |
||
| 300 | _a129 páginas | ||
| 336 |
_2rdacontent _btxt |
||
| 337 |
_2rdamedia _bn |
||
| 338 |
_2rdacarrier _bnc |
||
| 650 | 4 |
_aCOMERCIO INTERNACIONAL _91603 |
|
| 650 | 4 |
_aECONOMÍA _91656 |
|
| 942 | _cLIBRO | ||
| 999 |
_c35437 _d35437 |
||